[Event "IIFL Wealth 4th Mumbai GM"]
[Site "Mumbai"]
[Date "2019.01.04"]
[Round "6"]
[White "Larmet, Nino"]
[Black "Dhungel, Uttam"]
[Result "1-0"]
[WhiteElo "1835"]
[BlackElo "1587"]
[Annotator "NA"]
[PlyCount "51"]
[EventDate "2018.12.30"]
[EventType "swiss"]
[EventCountry "IND"]
[SourceTitle "playchess.com"]
[Source "ChessBase"]
[SourceQuality "1"]
[TimeControl "40/5400+30:1800+30"]

1. e4 {[%emt 0:00:33]} c5 {[%emt 0:00:00]} 2. Nc3 {[%emt 0:00:04]} Nc6 {[%emt 0:00:17]} 3. g3 {[%emt 0:00:05]} e6 {[%emt 0:00:57]} 4. Bg2 {[%emt 0:00:03]} Nf6 {[%emt 0:00:08]} 5. Nge2 {[%emt 0:01:18]} d5 {[%emt 0:01:16]} 6. exd5 {[%emt 0:01:02]} exd5 {[%emt 0:00:20]} 7. d4 {[%emt 0:00:36]} Be6 {[%emt 0:02:18]} 8. O-O {[%emt 0:01:18]} Be7 {[%emt 0:00:28]} 9. Bg5 {[%emt 0:06:17]} O-O {[%emt 0:05:20]} 10. Bxf6 {[%emt 0:02:14]} Bxf6 {[%emt 0:01:13]} 11. dxc5 {[%emt 0:00:04]} Ne7 {[%emt 0:08:30]} 12. Nd4 {[%emt 0:02:03]} Bxd4 {[%emt 0:08:54]} 13. Qxd4 {[%emt 0:00:03]} Qc7 {[%emt 0:00:23]} 14. Nxd5 {[%emt 0:03:57]} Nxd5 {[%emt 0:01:27]} 15. Bxd5 {[%emt 0:00:40]} Rfd8 {[%emt 0:00:18]} 16. c4 {[%emt 0:00:01]} Rac8 {[%emt 0:02:51]} 17. b4 {[%emt 0:01:29]} Rd7 {[%emt 0:04:10]} 18. Qe4 {[%emt 0:03:04]} Re7 {[%emt 0:02:57]} 19. Bxe6 {[%emt 0:00:42]} Rxe6 {[%emt 0:00:15]} 20. Qc2 {[%emt 0:00:24]} Rce8 {[%emt 0:00:18]} 21. Rad1 {[%emt 0:01:01]} Re4 {[%emt 0:02:34]} 22. Rd2 {[%emt 0:07:27]} Qc6 {[%emt 0:01:40]} 23. Rd6 {[%emt 0:02:27]} Qc7 {[%emt 0:00:21]} 24. Rfd1 {[%emt 0:02:09]} b6 {[%emt 0:02:40]} 25. cxb6 {[%emt 0:06:57]} axb6 {[%emt 0:00:12]} 26. Qxe4 {[%emt 0:00:27]} 1-0

[Event "IIFL Wealth 4th Mumbai GM"]
[Site "Mumbai"]
[Date "2019.01.04"]
[Round "6"]
[White "Arya Nirag Shah"]
[Black "Ahsan, Ali Jewel"]
[Result "1-0"]
[WhiteElo "1812"]
[BlackElo "1363"]
[Annotator "NA"]
[PlyCount "57"]
[EventDate "2018.12.30"]
[EventType "swiss"]
[EventCountry "IND"]
[SourceTitle "playchess.com"]
[Source "ChessBase"]
[SourceQuality "1"]
[TimeControl "40/5400+30:1800+30"]

1. d4 {[%emt 0:00:00]} Nf6 {[%emt 0:00:00]} 2. Bg5 {[%emt 0:00:00]} e6 {[%emt 0:00:13]} 3. e4 {[%emt 0:00:00]} Be7 {[%emt 0:00:33]} 4. Nd2 {[%emt 0:00:06]} O-O {[%emt 0:01:06]} 5. Bd3 {[%emt 0:00:17]} d5 {[%emt 0:01:04]} 6. e5 {[%emt 0:00:22]} Nfd7 {[%emt 0:00:27]} 7. Bxe7 {[%emt 0:01:21]} Qxe7 {[%emt 0:00:16]} 8. f4 {[%emt 0:02:27]} Qb4 {[%emt 0:03:10]} 9. Ngf3 {[%emt 0:00:40]} f6 {[%emt 0:03:01]} 10. Rb1 {[%emt 0:04:23]} g6 {[%emt 0:02:58]} 11. h4 {[%emt 0:03:24]} Rf7 {[%emt 0:07:29]} 12. h5 {[%emt 0:00:30]} gxh5 {[%emt 0:03:56]} 13. Rxh5 {[%emt 0:02:14]} Nf8 {[%emt 0:02:03]} 14. Qe2 {[%emt 0:05:40]} Ng6 {[%emt 0:03:03]} 15. g3 {[%emt 0:15:16]} Nc6 {[%emt 0:03:27]} 16. c3 {[%emt 0:05:49]} Qe7 {[%emt 0:02:40]} 17. Qh2 {[%emt 0:00:31]} Rg7 {[%emt 0:02:23]} 18. exf6 {[%emt 0:03:38]} Qxf6 {[%emt 0:01:51]} 19. Ng5 {[%emt 0:00:15]} Qe7 {[%emt 0:06:44]} 20. Bxg6 {[%emt 0:01:40]} Qf6 {[%emt 0:18:17]} 21. Bxh7+ {[%emt 0:02:12]} Kf8 {[%emt 0:02:58]} 22. Bd3 {[%emt 0:01:04]} Ke7 {[%emt 0:01:53]} 23. Rh7 {[%emt 0:00:27]} Bd7 {[%emt 0:01:29]} 24. Rxg7+ {[%emt 0:00:40]} Qxg7 {[%emt 0:00:41]} 25. Qh7 {[%emt 0:00:04]} Qxh7 {[%emt 0:00:50]} 26. Nxh7 {[%emt 0:00:21]} Rg8 {[%emt 0:00:59]} 27. Kf2 {[%emt 0:00:06]} Kf7 {[%emt 0:01:21]} 28. Nf3 {[%emt 0:00:15]} Ne7 {[%emt 0:01:17]} 29. Ne5+ {[%emt 0:00:11]} 1-0

[Event "IIFL Wealth 4th Mumbai GM"]
[Site "Mumbai"]
[Date "2019.01.04"]
[Round "6"]
[White "Rebut, Paul"]
[Black "Wahba, David George"]
[Result "1-0"]
[WhiteElo "1740"]
[BlackElo "1295"]
[Annotator "NA"]
[PlyCount "111"]
[EventDate "2018.12.30"]
[EventType "swiss"]
[EventCountry "IND"]
[SourceTitle "playchess.com"]
[Source "ChessBase"]
[SourceQuality "1"]
[TimeControl "40/5400+30:1800+30"]

1. g4 {[%emt 0:00:06]} d5 {[%emt 0:00:00]} 2. Bg2 {[%emt 0:00:11]} Bxg4 {[%emt 0:00:09]} 3. c4 {[%emt 0:00:08]} c6 {[%emt 0:01:02]} 4. Qb3 {[%emt 0:00:14]} Qb6 {[%emt 0:04:44]} 5. Qxb6 {[%emt 0:01:13]} axb6 {[%emt 0:00:13]} 6. cxd5 {[%emt 0:00:06]} c5 {[%emt 0:01:06]} 7. Nc3 {[%emt 0:02:14]} Nf6 {[%emt 0:02:39]} 8. d3 {[%emt 0:00:57]} Na6 {[%emt 0:01:48]} 9. Nb5 {[%emt 0:02:05]} Kd7 {[%emt 0:00:47]} 10. a3 {[%emt 0:04:57]} Nb4 {[%emt 0:02:34]} 11. Rb1 {[%emt 0:04:25]} Nbxd5 {[%emt 0:00:57]} 12. Nc3 {[%emt 0:00:26]} Nxc3 {[%emt 0:00:25]} 13. bxc3 {[%emt 0:00:12]} Kc7 14. Bf4+ {[%emt 0:00:38]} Kd8 {[%emt 0:04:06]} 15. Rxb6 {[%emt 0:03:12]} Rxa3 {[%emt 0:02:05]} 16. Rxb7 {[%emt 0:01:04]} Rxc3 {[%emt 0:01:44]} 17. Bc6 {[%emt 0:01:59]} Nd7 {[%emt 0:02:37]} 18. Ra7 {[%emt 0:00:46]} e5 {[%emt 0:04:19]} 19. Ra8+ {[%emt 0:13:35]} Ke7 {[%emt 0:00:55]} 20. Kd2 {[%emt 0:04:48]} Rb3 {[%emt 0:02:15]} 21. Be3 {[%emt 0:00:17]} g6 {[%emt 0:00:46]} 22. Kc2 Rb6 {[%emt 0:00:16]} 23. Bxd7 {[%emt 0:01:03]} Kxd7 {[%emt 0:00:59]} 24. h3 {[%emt 0:05:20]} Bf5 {[%emt 0:01:12]} 25. Nf3 {[%emt 0:02:15]} Bg7 {[%emt 0:00:35]} 26. Ra7+ {[%emt 0:00:26]} Ke6 {[%emt 0:00:34]} 27. Ng5+ {[%emt 0:00:36]} Kd5 {[%emt 0:01:16]} 28. Rxf7 {[%emt 0:04:04]} Rhb8 {[%emt 0:00:54]} 29. Bc1 {[%emt 0:02:24]} Bh6 {[%emt 0:03:09]} 30. e4+ {[%emt 0:00:43]} Kd6 {[%emt 0:00:08]} 31. Rf6+ {[%emt 0:00:51]} Kd7 {[%emt 0:00:38]} 32. Rxb6 {[%emt 0:00:12]} Rxb6 33. exf5 Bxg5 34. Bxg5 gxf5 {[%emt 0:01:48]} 35. Re1 {[%emt 0:02:03]} Re6 {[%emt 0:01:39]} 36. Kc3 Kc6 37. Kc4 {[%emt 0:00:42]} e4 {[%emt 0:00:39]} 38. dxe4 {[%emt 0:00:06]} fxe4 {[%emt 0:00:41]} 39. Be3 {[%emt 0:05:16]} Re5 {[%emt 0:00:38]} 40. Rg1 {[%emt 0:00:11]} Rh5 {[%emt 0:00:42]} 41. Rg3 {[%emt 0:30:05]} Kb6 {[%emt 0:30:32]} 42. Bg5 {[%emt 0:05:49]} Kc6 {[%emt 0:00:34]} 43. h4 {[%emt 0:00:00]} h6 {[%emt 0:00:00]} 44. Be3 {[%emt 0:00:00]} Rxh4 {[%emt 0:00:00]} 45. Rg6+ {[%emt 0:00:00]} Kd7 {[%emt 0:00:00]} 46. Rxh6 {[%emt 0:00:00]} Rxh6 {[%emt 0:00:00]} 47. Bxh6 {[%emt 0:00:00]} Ke6 {[%emt 0:00:00]} 48. Kxc5 {[%emt 0:00:00]} Ke5 {[%emt 0:00:00]} 49. Be3 {[%emt 0:00:00]} Ke6 {[%emt 0:00:00]} 50. Kd4 {[%emt 0:00:00]} Kf5 {[%emt 0:00:00]} 51. Kd5 {[%emt 0:00:00]} Kf6 {[%emt 0:00:00]} 52. Kxe4 {[%emt 0:00:00]} Ke6 {[%emt 0:00:00]} 53. f4 {[%emt 0:00:00]} Kf6 {[%emt 0:00:00]} 54. Bd4+ {[%emt 0:00:00]} Ke6 {[%emt 0:00:00]} 55. Be5 {[%emt 0:00:00]} Kf7 {[%emt 0:00:00]} 56. Kf5 {[%emt 0:00:00]} 1-0

[Event "IIFL Wealth 4th Mumbai GM"]
[Site "Mumbai"]
[Date "2019.01.04"]
[Round "6"]
[White "Kishor, Shazzad"]
[Black "Laoussing, Mathis"]
[Result "1/2-1/2"]
[WhiteElo "1730"]
[BlackElo "1438"]
[Annotator "NA"]
[PlyCount "85"]
[EventDate "2018.12.30"]
[EventType "swiss"]
[EventCountry "IND"]
[SourceTitle "playchess.com"]
[Source "ChessBase"]
[SourceQuality "1"]
[TimeControl "40/5400+30:1800+30"]

1. g3 {[%emt 0:00:19]} d5 {[%emt 0:00:12]} 2. Bg2 {[%emt 0:00:15]} e5 {[%emt 0:00:29]} 3. c4 {[%emt 0:00:13]} Nf6 {[%emt 0:02:25]} 4. cxd5 {[%emt 0:00:46]} Nxd5 {[%emt 0:01:00]} 5. Nc3 {[%emt 0:00:07]} Be6 {[%emt 0:01:24]} 6. d3 {[%emt 0:02:16]} Nc6 {[%emt 0:01:07]} 7. Nf3 {[%emt 0:00:30]} Bb4 {[%emt 0:00:52]} 8. Bd2 {[%emt 0:00:02]} O-O {[%emt 0:00:13]} 9. O-O {[%emt 0:01:38]} Qd7 {[%emt 0:02:20]} 10. a3 {[%emt 0:00:18]} Bd6 {[%emt 0:00:24]} 11. Ne4 {[%emt 0:01:35]} Bh3 {[%emt 0:01:18]} 12. Nxd6 {[%emt 0:01:00]} cxd6 {[%emt 0:00:19]} 13. b4 {[%emt 0:01:03]} Bxg2 {[%emt 0:03:16]} 14. Kxg2 {[%emt 0:00:03]} Rac8 {[%emt 0:02:04]} 15. Qb3 {[%emt 0:01:25]} Qe6 {[%emt 0:02:30]} 16. Qa2 {[%emt 0:03:34]} Nce7 {[%emt 0:02:45]} 17. e4 {[%emt 0:02:32]} Nf4+ {[%emt 0:10:49]} 18. Bxf4 {[%emt 0:04:14]} exf4 {[%emt 0:00:29]} 19. Qxe6 {[%emt 0:02:18]} fxe6 {[%emt 0:00:06]} 20. Rfc1 {[%emt 0:01:28]} Ng6 {[%emt 0:03:51]} 21. d4 {[%emt 0:02:16]} e5 {[%emt 0:00:34]} 22. d5 {[%emt 0:00:43]} b5 {[%emt 0:01:23]} 23. Nd2 {[%emt 0:08:23]} Ne7 {[%emt 0:02:31]} 24. f3 {[%emt 0:00:55]} Rxc1 {[%emt 0:02:57]} 25. Rxc1 {[%emt 0:00:02]} Rc8 {[%emt 0:00:12]} 26. Rxc8+ {[%emt 0:01:05]} Nxc8 {[%emt 0:00:20]} 27. gxf4 {[%emt 0:03:15]} exf4 {[%emt 0:02:30]} 28. Kh3 {[%emt 0:00:17]} g5 {[%emt 0:04:34]} 29. Kg4 {[%emt 0:00:11]} h6 {[%emt 0:00:33]} 30. h4 {[%emt 0:00:08]} gxh4 {[%emt 0:04:52]} 31. Kxf4 {[%emt 0:02:12]} Nb6 {[%emt 0:00:44]} 32. Kg4 {[%emt 0:16:46]} Nc4 {[%emt 0:00:23]} 33. Nb1 {[%emt 0:00:22]} Ne5+ {[%emt 0:00:40]} 34. Kxh4 {[%emt 0:00:27]} Nxf3+ {[%emt 0:00:24]} 35. Kh5 {[%emt 0:07:39]} Kg7 {[%emt 0:02:56]} 36. Nc3 {[%emt 0:00:35]} a6 {[%emt 0:00:35]} 37. Kg4 {[%emt 0:03:23]} Nd2 {[%emt 0:03:33]} 38. Kf5 {[%emt 0:00:49]} Kf7 {[%emt 0:02:53]} 39. a4 {[%emt 0:00:53]} bxa4 {[%emt 0:01:05]} 40. Nxa4 {[%emt 0:00:00]} h5 {[%emt 0:00:00]} 41. Nc3 {[%emt 0:02:54]} h4 {[%emt 0:01:04]} 42. Kg4 {[%emt 0:00:07]} Kf6 {[%emt 0:00:06]} 43. b5 {[%emt 0:02:17]} 1/2-1/2

[Event "IIFL Wealth 4th Mumbai GM"]
[Site "Mumbai"]
[Date "2019.01.04"]
[Round "6"]
[White "Shah, Ram Surat Prasad"]
[Black "Kafle, Binod"]
[Result "1/2-1/2"]
[WhiteElo "1639"]
[BlackElo "1191"]
[Annotator "NA"]
[PlyCount "84"]
[EventDate "2018.12.30"]
[EventType "swiss"]
[EventCountry "IND"]
[SourceTitle "playchess.com"]
[Source "ChessBase"]
[SourceQuality "1"]
[TimeControl "40/5400+30:1800+30"]

1. e4 {[%emt 0:00:49]} e5 {[%emt 0:03:43]} 2. Nf3 {[%emt 0:00:20]} Nc6 {[%emt 0:00:22]} 3. Bc4 {[%emt 0:00:15]} Nf6 {[%emt 0:00:30]} 4. d4 {[%emt 0:01:19]} exd4 {[%emt 0:01:54]} 5. e5 {[%emt 0:00:50]} Ng4 {[%emt 0:01:04]} 6. Bxf7+ {[%emt 0:00:38]} Kxf7 7. Ng5+ Kg8 {[%emt 0:02:26]} 8. Qxg4 {[%emt 0:01:12]} Nxe5 {[%emt 0:01:42]} 9. Qxd4 {[%emt 0:00:46]} Qe8 {[%emt 0:04:05]} 10. O-O {[%emt 0:00:51]} c5 {[%emt 0:02:30]} 11. Qc3 {[%emt 0:01:25]} h6 {[%emt 0:03:13]} 12. Nf3 {[%emt 0:01:33]} Nxf3+ {[%emt 0:02:20]} 13. Qxf3 {[%emt 0:00:27]} d6 {[%emt 0:03:15]} 14. Nc3 {[%emt 0:01:06]} Be6 {[%emt 0:03:51]} 15. Bf4 {[%emt 0:03:30]} Qd7 {[%emt 0:04:32]} 16. Rfe1 {[%emt 0:01:11]} d5 {[%emt 0:02:55]} 17. Qg3 {[%emt 0:03:01]} Re8 {[%emt 0:03:54]} 18. h3 {[%emt 0:03:07]} b5 {[%emt 0:01:10]} 19. Rad1 {[%emt 0:00:27]} Qc6 {[%emt 0:01:26]} 20. Nxd5 {[%emt 0:00:17]} Bxd5 {[%emt 0:00:22]} 21. Rxe8 {[%emt 0:00:13]} Qxe8 {[%emt 0:00:55]} 22. Rxd5 {[%emt 0:00:03]} Kh7 {[%emt 0:01:11]} 23. Bd6 {[%emt 0:00:52]} Bxd6 {[%emt 0:00:28]} 24. Qxd6 {[%emt 0:00:33]} Qe1+ {[%emt 0:00:57]} 25. Kh2 {[%emt 0:00:14]} Qxf2 {[%emt 0:00:43]} 26. Rxc5 {[%emt 0:00:25]} a6 {[%emt 0:00:50]} 27. Rc7 Rf8 28. Qe5 {[%emt 0:03:21]} Qf4+ {[%emt 0:01:33]} 29. Qxf4 {[%emt 0:00:09]} Rxf4 {[%emt 0:00:55]} 30. Kg3 Rf6 31. b3 {[%emt 0:02:10]} Kg6 {[%emt 0:00:51]} 32. a4 {[%emt 0:00:12]} bxa4 {[%emt 0:00:25]} 33. bxa4 {[%emt 0:00:09]} Kf5 {[%emt 0:00:15]} 34. Kf3 {[%emt 0:00:17]} g6 {[%emt 0:00:06]} 35. g4+ Ke5+ 36. Ke3 {[%emt 0:01:29]} Kd5 {[%emt 0:00:51]} 37. h4 {[%emt 0:01:07]} Rb6 {[%emt 0:00:52]} 38. Rh7 {[%emt 0:08:51]} g5 {[%emt 0:00:27]} 39. h5 {[%emt 0:00:37]} Kc4 {[%emt 0:00:37]} 40. Rf7 {[%emt 0:00:52]} Kc5 {[%emt 0:00:51]} 41. Rf5+ {[%emt 0:30:16]} Kb4 {[%emt 0:30:15]} 42. a5 {[%emt 0:00:10]} Rb7 {[%emt 0:00:24]} 1/2-1/2

[Event "IIFL Wealth 4th Mumbai GM"]
[Site "Mumbai"]
[Date "2019.01.06"]
[Round "8"]
[White "Aleksandrov, Aleksej"]
[Black "Aditya Mittal"]
[Result "*"]
[WhiteElo "2590"]
[BlackElo "2251"]
[Annotator "TA"]
[PlyCount "55"]
[EventDate "2018.12.30"]
[EventType "swiss"]
[EventCountry "IND"]
[SourceTitle "playchess.com"]
[Source "ChessBase"]
[SourceQuality "1"]

{[%evp 15,55,14,27,-12,0,-8,0,-16,0,-38,-37,-36,-21,-24,-11,-47,-44,-78,-71,-74,-79,-74,0,-33,-41,-41,-24,-26,0,0,50,43,48,42,61,49,63,53,56,47,52,61]} 1. c4 e5 2. Nc3 Nf6 3. Nf3 Nc6 4. e4 d6 5. d4 Bg4 6. d5 Nd4 7. Be3 Nxf3+ {A28: English Opening: Four Knights Variation} (7... c5 8. dxc6 Bxf3 9. gxf3 bxc6 10. Bxd4 exd4 11. Qxd4 Be7 12. f4 O-O 13. Be2 Qc7 14. Rg1 Rfd8 15. Rd1 {0-1 (43) Bacrot,E (2730)-Karpov,A (2619) Cap d'Agde 2013}) 8. gxf3 Bd7 {LiveBook: 10 Games} 9. Rg1 Nh5 {The position is equal.} 10. c5 g6 $146 ({Predecessor:} 10... Be7 11. f4 exf4 12. Bd2 g6 13. Be2 f3 14. Bxf3 Ng7 15. Qb3 O-O 16. Qxb7 dxc5 17. e5 Rb8 18. Qxa7 Ra8 19. Qb7 Rb8 20. Qa7 Ra8 {½-½ (20) Konstantinov,V (2450)-Roslov,V RCCA 1997}) 11. cxd6 Bxd6 12. Qb3 O-O 13. O-O-O a5 {[%cal Ba7a5,Ba5a4][%mdl 32]} (13... Qf6 {feels hotter.} 14. h4 Qxh4 15. Qxb7 a5 16. Ba7 Qh2) 14. Bb5 Bxb5 15. Nxb5 a4 16. Qc4 Qf6 17. Qe2 Nf4 18. Qd2 Nh5 ({Black should try} 18... a3 $17) 19. Bh6 Rfc8 20. Qe3 Bb4 21. Kb1 Ra5 22. Na3 Bc5 23. Qc3 $1 {[%cal Rc3a5] White is slightly better.} b6 24. Bg5 $36 {[%mdl 2048] Black is under pressure.} Qg7 25. Nc4 Bd4 $1 {[%cal Rd4c3]} 26. Qb4 Bc5 27. Qd2 Rb5 28. d6 {Precision: White = 53%, Black = 63%.} *

[Event "IIFL Wealth 4th Mumbai GM"]
[Site "Mumbai"]
[Date "2019.01.06"]
[Round "8"]
[White "Rozum, Ivan"]
[Black "Rahman, Ziaur"]
[Result "1/2-1/2"]
[WhiteElo "2589"]
[BlackElo "2468"]
[Annotator "TA"]
[PlyCount "83"]
[EventDate "2018.12.30"]
[EventType "swiss"]
[EventCountry "IND"]
[SourceTitle "playchess.com"]
[Source "ChessBase"]
[SourceQuality "1"]

{[%evp 27,83,6,37,10,14,0,0,0,0,8,27,21,15,-2,0,-5,0,0,0,0,0,0,0,13,2,0,0,0,0,0,1,4,20,21,29,21,25,12,31,11,12,11,11,11,11,11,12,0,0,0,0,0,0,0,0,0,0,0]} 1. d4 d5 2. c4 e6 3. Nc3 Bb4 4. Nf3 Nf6 5. e3 O-O 6. Bd3 b6 7. cxd5 exd5 8. O-O Bb7 9. a3 Bd6 10. Nb5 Be7 11. b4 a6 12. Nc3 Nbd7 13. Qb3 Bd6 14. a4 {E52: Nimzo-Indian: Rubinstein: 4...0-0 5 Nf3 d5 6 Bd3 b6} Re8 {LiveBook: 20 Games} 15. Rb1 {[#]} c6 $146 ({Predecessor:} 15... Nf8 16. Ba3 Ne4 17. Rfc1 Nxc3 18. Rxc3 c6 19. Bf1 b5 20. Qc2 Nd7 21. a5 Nf6 {1-0 (52) Debashis,D (2501)-Navara,D (2749) Caleta 2018}) 16. e4 dxe4 17. Ng5 $1 {[%cal Rg5f7]} Nd5 (17... exd3 {looks sharper.} 18. Nxf7 Bxh2+ 19. Kxh2 Qc7+ 20. g3 Nf8) 18. Ngxe4 Be7 ({Much worse is} 18... Bxb4 $6 19. Nxd5 cxd5 20. Ng5 $16) 19. Nxd5 cxd5 20. Ng3 g6 21. Bf4 Bg5 22. Bxg5 Qxg5 23. Qb2 Rac8 24. Rfe1 Rxe1+ 25. Rxe1 Nf8 26. Ne2 Ne6 27. Rd1 Rc7 (27... Qf6 {keeps more tension.} 28. Rf1 Re8 29. Rc1 h5 30. h3 Re7) 28. Qd2 Qxd2 29. Rxd2 a5 30. b5 Kf8 31. f3 Ke7 32. Kf2 Kd6 33. h4 h6 {The position is equal.} 34. Rc2 Rxc2 35. Bxc2 $11 {[%mdl 4096] Endgame KBN-KBN} Bc8 36. Bd3 Ng7 37. g3 Bf5 38. Bxf5 Nxf5 39. Ke1 h5 40. Kf2 Ke6 41. Nf4+ Kd6 42. Ne2 {Accuracy: White = 56%, Black = 67%.} 1/2-1/2

[Event "IIFL Wealth 4th Mumbai GM"]
[Site "Mumbai"]
[Date "2019.01.06"]
[Round "8"]
[White "Stupak, Kirill"]
[Black "Manik, Mikulas"]
[Result "1-0"]
[WhiteElo "2557"]
[BlackElo "2410"]
[Annotator "TA"]
[PlyCount "99"]
[EventDate "2018.12.30"]
[EventType "swiss"]
[EventCountry "IND"]
[SourceTitle "playchess.com"]
[Source "ChessBase"]
[SourceQuality "1"]

{[%evp 23,99,15,35,25,66,65,77,77,68,71,77,89,71,85,84,75,74,36,28,14,16,20,20,14,45,0,0,0,0,0,0,0,0,0,0,0,0,0,0,0,36,33,37,29,41,25,26,30,78,79,79,79,79,79,79,79,79,86,260,157,259,238,261,273,719,672,714,712,679,614,625,623,568,568,517,549,568,560]} 1. d4 Nf6 2. g3 g6 3. Bg2 d5 4. c4 c6 5. Qa4 Nbd7 6. cxd5 Nb6 7. Qb3 cxd5 8. Nc3 Bg7 9. Nf3 O-O 10. O-O Ne4 {D78: Fianchetto Grünfeld: 6 0-0 c6} 11. Bf4 Nxc3 12. bxc3 Bf5 {LiveBook: 3 Games. The position is equal.} 13. a4 {[%cal Ba2a4,Ba4a5][%mdl 32]} Qd7 14. Nd2 Rac8 15. Rfe1 Bf6 16. a5 Nc4 17. Nxc4 Rxc4 18. e4 {[#]} Be6 $146 19. Bf1 {Strongly threatening exd5.} Rcc8 20. exd5 Qxd5 21. Qb4 Qb3 22. Qxb3 Bxb3 23. Rec1 Rfd8 24. Rab1 Bd5 25. Rb4 e6 26. Bg2 Rd7 27. Bxd5 exd5 28. Bd2 Bd8 29. Ra1 Kg7 30. Kf1 Rc6 31. Ke2 f5 32. Kd3 Kf7 33. Bf4 Ra6 34. Rb5 Ke6 35. h4 b6 36. axb6 Rxa1 37. b7 Rxb7 38. Rxb7 $16 {[%mdl 4096] Endgame KRB-KRB} Be7 {[#]} 39. Bg5 $1 Bxg5 40. hxg5 {KR-KR} Rf1 $2 (40... Ra2 $16 {keeps fighting.}) 41. Ke2 ({Not} 41. Rxh7 Rxf2 42. Ke3 Rc2 $16) 41... Rc1 (41... Rh1 $16 42. Rxa7 Kd6) 42. Rxa7 $18 Rxc3 43. Rxh7 f4 $2 {[#]} (43... Rc2+ 44. Kf1 f4) 44. g4 $1 {White is clearly winning.} Rc2+ 45. Kf3 Rd2 46. Rg7 Rxd4 47. Rxg6+ Ke5 48. Rg8 {aiming for Re8+.} Rd3+ 49. Kg2 Ke6 50. Rf8 {Accuracy: White = 91%, Black = 48%.} 1-0

[Event "IIFL Wealth 4th Mumbai GM"]
[Site "Mumbai"]
[Date "2019.01.06"]
[Round "8"]
[White "Tran, Tuan Minh"]
[Black "Puranik, Abhimanyu"]
[Result "0-1"]
[WhiteElo "2524"]
[BlackElo "2544"]
[Annotator "TA"]
[PlyCount "52"]
[EventDate "2018.12.30"]
[EventType "swiss"]
[EventCountry "IND"]
[SourceTitle "playchess.com"]
[Source "ChessBase"]
[SourceQuality "1"]

{[%evp 17,52,3,21,27,33,37,60,60,85,46,52,0,-4,0,0,-8,0,0,0,0,74,77,94,98,86,60,58,74,90,0,13,0,0,-51,-38,-31,-48]} 1. Nf3 Nf6 2. c4 c5 3. b3 g6 4. Bb2 Bg7 5. g3 d6 6. Bg2 e5 7. O-O O-O 8. Nc3 Nc6 9. d3 Nh5 {LiveBook: 22 Games} 10. a3 {A38: Symmetrical English vs ...g6: 4 Bg2 Bg7 5 Nf3 Nf6} (10. e4 f5 11. exf5 Bxf5 12. Nh4 Be6 13. Nd5 Qd7 14. Bf3 Nf6 15. Ng2 Bh3 16. Re1 Ng4 17. Nge3 Nxf2 18. Kxf2 {0-1 (79) Kayumov,S (2505)-Vidit,S (2689) Doha 2016}) 10... Be6 11. b4 $146 ({Predecessor:} 11. Rb1 f5 12. Nd5 h6 13. e3 Bxd5 14. cxd5 Ne7 15. Nh4 Nf6 16. e4 fxe4 17. dxe4 Qd7 {1-0 (42) Vukovic,I (2260)-Wunder,S (2084) Bad Wiessee 2001}) 11... e4 12. dxe4 {White is slightly better.} Bxc4 13. Nd2 Ba6 14. Qa4 (14. bxc5 $14 dxc5 15. Rb1) 14... Bxe2 $11 15. Nxe2 {[#] Qb3 is the strong threat.} Bxb2 16. Rad1 Qe7 17. Kh1 Rfd8 18. f4 Nf6 (18... cxb4 $11 {keeps the balance.} 19. axb4 a6) 19. Qb3 $16 Nd4 20. Qxb2 Nxe2 21. Rde1 Nd4 22. e5 $1 {[%cal Re5f6]} dxe5 23. Rxe5 (23. fxe5 $16 Nd7 24. Nc4) 23... Qf8 24. bxc5 ({Reject} 24. Bxb7 Rab8 $17) 24... Ng4 25. Rd5 ({White should try} 25. Ne4 $11) 25... Qh6 $15 {[%csl Gg4][%cal Rh6h2] [#]} 26. Rxd8+ $1 Rxd8 {Accuracy: White = 66%, Black = 54%.} 0-1

[Event "IIFL Wealth 4th Mumbai GM"]
[Site "Mumbai"]
[Date "2019.01.06"]
[Round "8"]
[White "Movsziszian, Karen"]
[Black "Praveen Kumar C"]
[Result "1-0"]
[WhiteElo "2505"]
[BlackElo "2233"]
[Annotator "TA"]
[PlyCount "89"]
[EventDate "2018.12.30"]
[EventType "swiss"]
[EventCountry "IND"]
[SourceTitle "playchess.com"]
[Source "ChessBase"]
[SourceQuality "1"]

{[%evp 21,89,4,15,0,0,-2,6,-5,12,0,32,0,54,50,46,47,49,55,64,60,45,51,51,55,57,55,47,52,65,-23,-13,-20,-11,-22,48,48,53,35,170,152,418,411,411,404,426,420,454,112,172,152,238,239,235,246,295,264,495,239,578,570,542,504,570,574,750,668,4133,4133,4133,4133]} 1. e4 e6 2. d3 d5 3. Nd2 Nf6 4. Ngf3 Bc5 5. Be2 Nc6 6. O-O dxe4 7. dxe4 e5 8. c3 a5 9. a4 O-O 10. Qc2 {C00: French: Unusual White 2nd moves} Qe7 (10... Bg4 11. h3 Bh5 12. Bb5 Qe7 13. Nh4 Bg6 14. g3 Na7 15. Bc4 Nc8 16. Nxg6 hxg6 17. Kg2 Nd6 {1-0 (53) Nevednichy,V (2547)-Brumen,D (2359) Rijeka 2010}) 11. Nc4 h6 {LiveBook: 4 Games} 12. Nh4 {[%cal Bf3h4,Bh4f5,Bf5e3,Be3c4][%mdl 32] The position is equal.} Be6 $146 ({Predecessor:} 12... Ng4 13. g3 Nxf2 14. Rxf2 Bxf2+ 15. Kxf2 f5 16. exf5 e4 17. Kg1 Bxf5 18. Nxf5 Rxf5 {1-0 (57) Bodrozic,T (2195)-Ludwig,S (2049) Ditzingen 2012}) 13. g3 Bh3 14. Nf5 Qe6 15. Re1 Ng4 16. Nce3 (16. Be3 {seems wilder.} Nxe3 17. Nfxe3 Qc8 18. Rad1 b6 19. Rd2) 16... Nxe3 (16... Bxe3 $11 17. Nxe3 Nxe3 18. Bxe3 Rfe8) 17. Bxe3 $14 Bxe3 18. Nxe3 Ne7 19. Rad1 Rad8 20. Rxd8 Rxd8 21. Rd1 Rxd1+ 22. Qxd1 Qd7 $1 23. Nc4 Nc6 24. g4 $36 {[%mdl 2048] White fights for an advantage.} Qe6 25. f3 (25. Ne3 $14) 25... h5 $1 $11 26. Ne3 (26. Qd5 $5 {[%cal Rd5e6]} Qe7 27. Qd2 $11 (27. Nxa5 $2 Qh4 $19)) 26... Qh6 27. Qd3 Qg5 (27... hxg4 $11 28. fxg4 Ne7) 28. Nd1 $1 $14 {[%cal Rd1f2] And now Nf2 would win.} Qc1 $1 (28... hxg4 $2 29. fxg4 Qh6 30. Nf2 $18) 29. Qd7 Qc2 ({Black should play} 29... g6 $14) 30. Kf2 g6 $2 (30... hxg4 $16 31. Qe8+ Kh7) 31. Qc8+ $18 Kg7 32. Qxb7 hxg4 33. Ne3 ({Stronger than} 33. Qxc6 gxf3 34. Kxf3 Bg4+ 35. Kxg4 Qxe2+ 36. Kg3 Qxd1 $15) 33... Qxa4 34. Bb5 $2 (34. Qxc7 $18 {is the precise move to win. Threatens to win with Bc4.} Qa1 35. fxg4 (35. Qxc6 gxf3 36. Kxf3 Qg1 $18)) 34... Qa1 (34... Nd8 $16) 35. Qxc6 {Hoping for Nd5.} Qh1 (35... Qxb2+ $16 {was worth a try.} 36. Be2 gxf3 37. Kxf3 Qb1) 36. fxg4 ({Resist} 36. Nxg4 $6 Bxg4 37. fxg4 Qxh2+ 38. Kf3 Qh3+ 39. Ke2 Qxg4+ 40. Kd3 Qf4) 36... Qxh2+ 37. Ke1 Qxb2 {[#] If only Black now had time for ...Qc1+....} 38. Be2 $1 {Black must now prevent Kf2.} a4 $2 (38... Qc1+ 39. Kf2 Qh1) 39. Qxa4 (39. Kf2 $142) 39... Qxc3+ $2 (39... Qb6 {is tougher.}) 40. Kf2 {White is clearly winning.} Qd4 41. Qc4 c5 42. Qd5 f5 43. exf5 Qxd5 {[#]} 44. f6+ $1 {[%mdl 512]} Kxf6 45. Nxd5+ {Precision: White = 53%, Black = 34%.} 1-0